| 000 | 00359nam a2200145Ia 4500 | ||
|---|---|---|---|
| 008 | 230312s9999||||xx |||||||||||||| ||und|| | ||
| 020 | _a0-683-06024-4 | ||
| 082 |
_a617.7 _bMIL-W |
||
| 100 | _aMiller;Neir ,R | ||
| 245 | 0 | _aWalsh and Hoyt's Clinical-Ophthalmology | |
| 260 |
_bWilliam _auk |
||
| 300 | _a1010 | ||
| 650 |
_aMedical _vOphthalmology |
||
| 942 | _cBK | ||
| 999 |
_c4887 _d4887 |
||